000 00602nam a2200133 a 4500
008 120726s2011 ||||||||||||||||| || u
050 _aUN-OG(058)
110 _aUnited Nations Office at Geneva (UNOG)
245 1 0 _aUnited Nations Office at Geneva annual report 2011: Meeting current challenges together
_cby United Nations Office at Geneva [UN-OG]
260 _aGeneva:
_bUNITED NATIONS
_c2011
300 _aviii, 50p.: ill.
650 _aUNITED NATIONS--REPORTS
995 _FCBU-MAIN LIBRARY (Kitwe)
_M1
_UAVAILABLE
_WAug 8, 2012
_ZInternational Publications
999 _c60846
_d60846